[Event "Minsk Kupreichik Memorial rapid"]
[Site "Minsk"]
[Date "2019.08.17"]
[Round "8"]
[White "Zarubitski, Viachaslau"]
[Black "Kameko, Aleksandr"]
[Result "1-0"]
[WhiteElo "2426"]
[BlackElo "2045"]
[PlyCount "81"]
[EventDate "2019.08.15"]
[EventType "swiss (rapid)"]
[EventRounds "10"]
[EventCountry "BLR"]
[SourceTitle "CBM 191 Extra"]
[Source "ChessBase"]
[SourceDate "2019.09.30"]
[SourceVersion "1"]
[SourceVersionDate "2019.09.30"]
[SourceQuality "1"]

1. e4 e5 2. Nf3 d6 3. d4 exd4 4. Nxd4 Nf6 5. Nc3 g6 6. Bf4 Bg7 7. Qd2 Nc6 8. Nxc6 bxc6 9. Bc4 0-0 10. 0-0 Be6 11. Bb3 Re8 12. Rfe1 Bxb3 13. axb3 Nd7 14. f3 Qb8 15. Be3 Qb7 16. Ra5 Re5 17. Rea1 Rxa5 18. Rxa5 Qb4 19. Ra4 Qb7 20. Ra5 Qb4 21. Ra6 Qb7 22. Qe2 Nb8 23. Ra5 a6 24. Ra1 Nd7 25. Kh1 a5 26. Qd2 h5 27. h3 Ne5 28. Ne2 a4 29. f4 Nd7 30. Rxa4 Rxa4 31. bxa4 Qxb2 32. a5 c5 33. Kh2 Qa3 34. Bg1 Qa4 35. e5 dxe5 36. fxe5 Bxe5+ 37. Kh1 Bd6 38. Qc3 Qb5 39. Nc1 Ne5 40. Nb3 Nc6 41. Qe1 1-0